• 首页
  • 本馆介绍
  • 公告通知
  • 最新文献
  • 馆藏检索
  • 电子资源
  • 读者导购
  • 参考咨询
  • 我的图书馆
  • 登录
  • 详细信息显示
  • 放入我的书架
  • 预约/预借图书
  • 作者相关作品
  • 分类相关作品
  • 丛书相关作品
  • 出版社相关作品

书目信息

  • 表格格式
  • 工作单格式
  • 卡片格式
题名:
药理学
    
 
作者: ;全国中等卫生学校试用教材编写组 编
分册:  
出版信息: 合肥   安徽科学技术出版社  1979
页数: 206页
开本: 26cm
丛书名:
单 册:
中图分类: R96-43 , R96
科图分类:
主题词: 药理学--专业学校--教材 , 药理学
电子资源:
ISBN:
000 00734nam0 2200253 45
001 0180000017
005 20040524084653.8
010    @dCNY1.12
091    @aK7200.2
100    @a19950811e19801979em y0chiy0121 ea
101 0  @achi
102    @aCN@b340000
105    @ay z 000yy
106    @ar
200 10 @a药理学@Ayao li xue@f全国中等卫生学校试用教材《药理学》编写组编
210    @a合肥@c安徽科学技术出版社@d1979@h1980重印
215    @a206页@d26cm
606    @a药理学@x专业学校@x教材
606 0  @a药理学
690    @aR96-43@v3
690    @aR96
711 02 @a全国中等卫生学校试用教材编写组@Aquan guo zhong deng wei sheng xue xiao shi yong jiao cai bian xie zu@4编
801  0 @aCN@bNLC@c20040524
905    @f1@b41512@dR96@e3
    
    药理学/全国中等卫生学校试用教材《药理学》编写组编.-合肥:安徽科学技术出版社,1979(1980重印)
    206页;26cm
    
    
    ISBN :CNY1.12
    
●
相关链接 在E读中查询图书 在五车中查询图书 在当当中查询图书 在豆瓣中查询图书


正题名:药理学     索取号:R96/3         预约/预借

序号 登录号 条形码 馆藏地/架位号 状态 备注
1 0041226   001699040   第二样本阅览室/ [索取号:R96/3] 在馆    
2 0041512   001699157   第三借阅区/ [索取号:R96/3] 在馆    
唐山师范学院图书馆 欢迎您!
大连网信软件有限公司© 版权所有